000
00319nam a2200145 4500
008
190122s2008||||xo d
100
1
_a
Kurth Hanns
_9
800
245
1
0
_a
Lexikón snov
250
_a
1.vydanie
260
_b
IKAR
_a
Bratislava
_c
2008
020
_c
0
041
1
_a
slo
044
_a
xo
_c
SK
958
_a
APR
999
_c
22002
_d
22002